书目信息 |
| 题名: |
地形测量
|
|
| 作者: | 李明 主编 | |
| 分册: | ||
| 出版信息: | 北京 测绘出版社 2011.08 |
|
| 页数: | 202页 | |
| 开本: | 26cm | |
| 丛书名: | 高职院校测绘类专业工学结合教材 | |
| 单 册: | ||
| 中图分类: | P217 | |
| 科图分类: | ||
| 主题词: | 地形测量--di xing ce liang--高等职业教育--教材 | |
| 电子资源: | ||
| ISBN: | 978-7-5030-2177-0 | |
| 000 | 01148nam 2200313 450 | |
| 001 | 96612 | |
| 005 | 20250912211332.16 | |
| 010 | @a978-7-5030-2177-0@dCNY37.00@z7-5030-2177-2 | |
| 100 | @a20111220d2011 em y0chiy50 ea | |
| 101 | 0 | @achi |
| 102 | @aCN@b110000 | |
| 105 | @aak a 000yy | |
| 106 | @ar | |
| 200 | 1 | @a地形测量@Adi xing ce liang@f李明主编 |
| 210 | @a北京@c测绘出版社@d2011.08 | |
| 215 | @a202页@c图@d26cm | |
| 225 | 2 | @a高职院校测绘类专业工学结合教材@Agao zhi yuan xiao ce hui lei zhuan ye gong xue jie he jiao cai |
| 320 | @a有书目 | |
| 330 | @a本书共由八个学习单元组成, 内容包括: 地形测量基本知识、角度测量和距离测量、地面点高程的确定、小区域平面控制测量、地形绘图、大比例尺地形图测绘等。 | |
| 333 | @a国家示范性高职院校建设项目成果教材 | |
| 410 | 0 | @12001 @a高职院校测绘类专业工学结合教材 |
| 606 | 0 | @a地形测量@Adi xing ce liang@x高等职业教育@j教材 |
| 690 | @aP217@v4 | |
| 701 | 0 | @a李明@Ali ming@4主编 |
| 801 | 0 | @aCN@c20250909 |
| 803 | @a高职 | |
| 905 | @a河南城建学院图书馆@dP217@eL212 | |
| 962 | @aA9787503021770#20111222093102312 | |
| 998 | @abm005a-2011.12.19 16:03:04@cbm006c-2011.12.20 14:45:59 | |
| 地形测量/李明主编.-北京:测绘出版社,2011.08 |
| 202页:图;26cm.-(高职院校测绘类专业工学结合教材) |
| 使用对象:国家示范性高职院校建设项目成果教材 |
| ISBN 978-7-5030-2177-0:CNY37.00 |
| 本书共由八个学习单元组成, 内容包括: 地形测量基本知识、角度测量和距离测量、地面点高程的确定、小区域平面控制测量、地形绘图、大比例尺地形图测绘等。 |
| ● |
| 相关链接 |
|
|
|
正题名:地形测量
索取号:P217/L212
 
预约/预借
| 序号 | 登录号 | 条形码 | 馆藏地/架位号 | 状态 | 备注 |
| 1 | 1638130 | 216381305 | 自科库401/401自科库 120排1列2层/ [索取号:P217/L212] | 在馆 |